[Event "Las Americas U1800 rapid op"]
[Site "Tornelo INT"]
[Date "2023.01.14"]
[Round "1"]
[White "Briones Espino, Martin Daniel"]
[Black "Grandes Delgado, Joseph Andres"]
[Result "1-0"]
[WhiteElo "1545"]
[BlackElo "1226"]
[PlyCount "67"]
[EventDate "2023.01.14"]
[EventType "swiss (rapid)"]
[EventRounds "7"]
[EventCountry "VEN"]
[SourceTitle "CBM 212 Extra"]
[Source "ChessBase"]
[SourceDate "2023.03.31"]
[SourceVersion "1"]
[SourceVersionDate "2023.03.31"]
[SourceQuality "1"]

1. e4 c5 2. Nf3 d6 3. d4 cxd4 4. c3 dxc3 5. Nxc3 Nc6 6. Bb5 g6 7. h3 Bg7 8. 0-0 Bd7 9. Qe2 Nf6 10. Rd1 Qc7 11. Bg5 e6 12. Rac1 0-0 13. Bxf6 Bxf6 14. Nd5 exd5 15. exd5 Qb6 16. dxc6 bxc6 17. Rxd6 Rfe8 18. Qd2 Qxb5 19. Rxf6 Be6 20. Nd4 Qd5 21. Qc3 Qg5 22. Nxe6 fxe6 23. Rf3 Qd5 24. Rd3 Qxa2 25. Rd7 e5 26. Qxc6 Qe6 27. Qc7 h5 28. Rg7+ Kf8 29. Rh7 Re7 30. Rxe7 Qxe7 31. Qc6 Qe8 32. Qf6+ Kg8 33. Rc7 Qf8 34. Qxg6+ 1-0

[Event "Las Americas U1800 rapid op"]
[Site "Tornelo INT"]
[Date "2023.01.14"]
[Round "5"]
[White "Grandes Delgado, Joseph Andres"]
[Black "Ramirez Sarapura, Ever"]
[Result "1-0"]
[WhiteElo "1226"]
[BlackElo "1319"]
[PlyCount "117"]
[EventDate "2023.01.14"]
[EventType "swiss (rapid)"]
[EventRounds "7"]
[EventCountry "VEN"]
[SourceTitle "CBM 212 Extra"]
[Source "ChessBase"]
[SourceDate "2023.03.31"]
[SourceVersion "1"]
[SourceVersionDate "2023.03.31"]
[SourceQuality "1"]

1. e4 e6 2. b3 d5 3. Bb2 c5 4. exd5 exd5 5. g3 Nc6 6. Bg2 Nf6 7. Nf3 Be6 8. d4 Bd6 9. dxc5 Bxc5 10. 0-0 Qd7 11. Re1 0-0-0 12. Ng5 Bg4 13. Qd2 h6 14. Nf3 Ne4 15. Rxe4 dxe4 16. Qxd7+ Rxd7 17. Nh4 Rd1+ 18. Bf1 Bh3 19. Ng2 e3 20. fxe3 Bxg2 21. Kxg2 Rhd8 22. Be2 Re1 23. Kf2 Rh1 24. Kg2 Re1 25. Kf2 Nb4 26. Kxe1 Nxc2+ 27. Kf2 Nxa1 28. Bxa1 g6 29. Bc3 Re8 30. Bd2 f5 31. Bf3 g5 32. Bh5 Re7 33. Kf3 Bb6 34. a3 Rc7 35. Nc3 Rd7 36. Ke2 Re7 37. Bg6 f4 38. gxf4 gxf4 39. e4 Bc7 40. Bf5+ Kb8 41. Nd5 Rg7 42. Nxf4 Be5 43. Ng6 Bxh2 44. Bxh6 Rc7 45. e5 Rh7 46. e6 Bd6 47. Bf4 Bxf4 48. Nxf4 Kc7 49. Bxh7 Kd6 50. Bf5 Ke5 51. e7 Kxf5 52. Nd3 Ke6 53. e8Q+ Kd6 54. Qe5+ Kc6 55. Qc5+ Kd7 56. Ne5+ Kd8 57. Qd6+ Kc8 58. Qd7+ Kb8 59. Qd8# 1-0

[Event "ECU-ch Qual Blitz"]
[Site "Chess.com INT"]
[Date "2021.06.25"]
[Round "7"]
[White "Grandes Delgado, Joseph Andres"]
[Black "Mendoza Zambrano, Jose Paul"]
[Result "1-0"]
[WhiteElo "1571"]
[BlackElo "1528"]
[PlyCount "43"]
[EventDate "2021.06.25"]
[EventType "swiss (blitz)"]
[EventRounds "9"]
[EventCountry "ECU"]
[SourceTitle "CBM 203 Extra"]
[Source "ChessBase"]
[SourceDate "2021.09.30"]
[SourceVersion "1"]
[SourceVersionDate "2021.09.30"]
[SourceQuality "1"]

1. e4 e6 2. d4 d5 3. exd5 exd5 4. Nf3 Nf6 5. Bd3 Bd6 6. 0-0 0-0 7. c4 c6 8. c5 Bc7 9. h3 h6 10. Re1 Re8 11. Nbd2 Nbd7 12. Nf1 b6 13. b4 a5 14. bxa5 bxc5 15. dxc5 Bxa5 16. Rxe8+ Qxe8 17. Qc2 Qe7 18. Be3 Ne5 19. Nxe5 Qxe5 20. Rb1 Nd7 21. Qa4 Qc3 22. Qxc6 1-0

[Event "ECU-ch Qual Blitz"]
[Site "Chess.com INT"]
[Date "2021.06.25"]
[Round "9"]
[White "Penafiel Mendoza, Josselyne Stefania"]
[Black "Grandes Delgado, Joseph Andres"]
[Result "1-0"]
[WhiteElo "1930"]
[BlackElo "1571"]
[PlyCount "85"]
[EventDate "2021.06.25"]
[EventType "swiss (blitz)"]
[EventRounds "9"]
[EventCountry "ECU"]
[SourceTitle "CBM 203 Extra"]
[Source "ChessBase"]
[SourceDate "2021.09.30"]
[SourceVersion "1"]
[SourceVersionDate "2021.09.30"]
[SourceQuality "1"]

1. d4 d5 2. c4 c6 3. cxd5 cxd5 4. Bf4 Nf6 5. Nc3 Nc6 6. e3 e6 7. Nf3 Bd6 8. Bxd6 Qxd6 9. Bd3 Bd7 10. a3 a6 11. b4 b5 12. 0-0 0-0 13. h3 h6 14. Nd2 e5 15. Nb3 e4 16. Be2 Ne7 17. Nc5 Bc6 18. a4 Nd7 19. axb5 Bxb5 20. Nxb5 axb5 21. Bxb5 Nxc5 22. dxc5 Qb8 23. Qe2 f5 24. Rxa8 Qxa8 25. Bd7 Qb7 26. Be6+ Kh8 27. b5 Rf6 28. Bxd5 Nxd5 29. Qc4 Nc7 30. b6 Na6 31. Rd1 Rc6 32. Rd8+ Kh7 33. Qg8+ Kg6 34. Qe8+ Kh7 35. Rd7 Rc8 36. Qf7 Qxd7 37. Qxd7 Rxc5 38. b7 Rc1+ 39. Kh2 Rb1 40. Qxf5+ Kh8 41. Qc8+ Kh7 42. Qc6 Nb8 43. Qxe4+ 1-0

[Event "Preinscritos IRT Online"]
[Site "Chess.com INT"]
[Date "2020.12.26"]
[Round "5"]
[White "Cocios Yugcha, Rogelio Sebastian"]
[Black "Grandes Delgado, Joseph Andres"]
[Result "0-1"]
[WhiteElo "1033"]
[BlackElo "1572"]
[PlyCount "96"]
[EventDate "2020.12.26"]
[EventType "swiss"]
[EventRounds "11"]
[EventCountry "ECU"]
[SourceTitle "CBM 200 Extra"]
[Source "ChessBase"]
[SourceDate "2021.03.31"]
[SourceVersion "1"]
[SourceVersionDate "2021.03.31"]
[SourceQuality "1"]

1. e4 e5 2. Nf3 Nf6 3. Nc3 Nc6 4. Bb5 d6 5. d4 Bd7 6. dxe5 Nxe5 7. Nxe5 dxe5 8. Bxd7+ Qxd7 9. Qxd7+ Nxd7 10. 0-0 Bc5 11. Bd2 Rd8 12. Nd5 Bd6 13. c4 0-0 14. b4 c6 15. Ne3 Nf6 16. c5 Bc7 17. Bc3 Nxe4 18. Bb2 Rd2 19. Nc4 Rc2 20. Bxe5 Bxe5 21. Nxe5 Re8 22. Nd3 Nf6 23. Rfe1 Ree2 24. Rxe2 Rxe2 25. h3 Rd2 26. Ne5 Ne4 27. Kf1 Rxf2+ 28. Ke1 Rxg2 29. a3 Nc3 30. Rc1 Nd5 31. Kf1 Rg3 32. h4 Rxa3 33. Kf2 Ra2+ 34. Kf3 Rb2 35. Ke4 Rxb4+ 36. Kd3 Rxh4 37. Nd7 Nb4+ 38. Kc3 Na2+ 39. Kb2 Nxc1 40. Kxc1 Rd4 41. Kc2 Rxd7 42. Kc3 Rd5 43. Kc4 Kf8 44. Kb4 Ke7 45. Kc4 Ke6 46. Kb4 Ke5 47. Kc4 Ke4 48. Kc3 Rxc5+ 0-1

[Event "Preinscritos IRT Online"]
[Site "Chess.com INT"]
[Date "2020.12.26"]
[Round "6"]
[White "Grandes Delgado, Joseph Andres"]
[Black "Alarcon Osorio, Marco Antonio"]
[Result "1-0"]
[WhiteElo "1572"]
[BlackElo "1189"]
[PlyCount "63"]
[EventDate "2020.12.26"]
[EventType "swiss"]
[EventRounds "11"]
[EventCountry "ECU"]
[SourceTitle "CBM 200 Extra"]
[Source "ChessBase"]
[SourceDate "2021.03.31"]
[SourceVersion "1"]
[SourceVersionDate "2021.03.31"]
[SourceQuality "1"]

1. e4 e6 2. d4 d5 3. exd5 exd5 4. Nf3 Nf6 5. Bd3 Bd6 6. Nc3 c6 7. Bg5 0-0 8. 0-0 Bg4 9. Re1 Nbd7 10. h3 Bh5 11. Be2 Qc7 12. Qd2 Rfe8 13. Be3 Re7 14. a3 Rae8 15. Rad1 Bg6 16. Nh4 Ne4 17. Qc1 Ndf6 18. Nxg6 hxg6 19. Bd3 Nxc3 20. bxc3 Ne4 21. Qb2 b6 22. Ba6 Bf4 23. a4 Bxe3 24. Rxe3 Nd6 25. Rde1 Nf5 26. Rxe7 Rxe7 27. Rxe7 Qxe7 28. Qc1 Nd6 29. Bd3 f5 30. Kf1 Ne4 31. Qe1 Qd6 32. Bxe4 1-0

[Event "Preinscritos IRT Online"]
[Site "Chess.com INT"]
[Date "2020.12.26"]
[Round "8"]
[White "Grandes Delgado, Joseph Andres"]
[Black "Bedon Palacios, Kevin David"]
[Result "1-0"]
[WhiteElo "1572"]
[BlackElo "1705"]
[PlyCount "69"]
[EventDate "2020.12.26"]
[EventType "swiss"]
[EventRounds "11"]
[EventCountry "ECU"]
[SourceTitle "CBM 200 Extra"]
[Source "ChessBase"]
[SourceDate "2021.03.31"]
[SourceVersion "1"]
[SourceVersionDate "2021.03.31"]
[SourceQuality "1"]

1. e4 e5 2. Nc3 Nc6 3. Bc4 Bc5 4. Qg4 g6 5. Qf3 f5 6. d3 Nd4 7. Qd1 d6 8. Nge2 Nf6 9. Nxd4 Bxd4 10. Bg5 h6 11. Bxf6 Qxf6 12. Nd5 Qf7 13. Nb6 Be6 14. Bxe6 Qxe6 15. Nxa8 0-0 16. Nxc7 Qd7 17. Nd5 fxe4 18. c3 Bxf2+ 19. Ke2 e3 20. Nxe3 d5 21. Rf1 Bxe3 22. Rxf8+ Kxf8 23. Kxe3 d4+ 24. Ke2 Qg4+ 25. Kf1 Qh4 26. Qf3+ Kg7 27. Qxb7+ Kh8 28. Qc8+ Kg7 29. Qd7+ Kf8 30. Qd6+ Kf7 31. Qxe5 dxc3 32. bxc3 g5 33. Re1 Qa4 34. Qe7+ Kg6 35. Qe8+ 1-0

[Event "Preinscritos IRT Online"]
[Site "Chess.com INT"]
[Date "2020.12.26"]
[Round "1"]
[White "Grandes Delgado, Joseph Andres"]
[Black "Norona Obaco, Wenceslao Rodrigo"]
[Result "0-1"]
[WhiteElo "1572"]
[BlackElo "2320"]
[PlyCount "74"]
[EventDate "2020.12.26"]
[EventType "swiss"]
[EventRounds "11"]
[EventCountry "ECU"]
[SourceTitle "CBM 200 Extra"]
[Source "ChessBase"]
[SourceDate "2021.03.31"]
[SourceVersion "1"]
[SourceVersionDate "2021.03.31"]
[SourceQuality "1"]

1. e4 c5 2. Nc3 d6 3. Nf3 Nf6 4. Bb5+ Nbd7 5. 0-0 a6 6. Bxd7+ Bxd7 7. d4 cxd4 8. Qxd4 e6 9. Bg5 Be7 10. e5 dxe5 11. Nxe5 Bb5 12. Nxb5 axb5 13. Qxd8+ Rxd8 14. Rad1 0-0 15. Bxf6 gxf6 16. Nd7 Rfe8 17. Rd3 Rc8 18. c3 Rc4 19. Rfd1 b4 20. Rg3+ Kh8 21. Rdd3 bxc3 22. bxc3 Rd8 23. Rgf3 Ra4 24. Rd2 Ra3 25. Rfd3 Rc8 26. Nb6 Rcxc3 27. Rxc3 Rxc3 28. h3 Rc6 29. Na4 Bd6 30. g3 b5 31. Nb2 Be5 32. Nd3 Rd6 33. Kf1 Bc3 34. Rd1 b4 35. Ke2 Ra6 36. Rc1 Rxa2+ 37. Ke3 Bd2+ 0-1